| 000 | 00958nam a22002057a 4500 | ||
|---|---|---|---|
| 005 | 20250407122654.0 | ||
| 010 | _aHIN-129642 | ||
| 020 |
_a9789387643635 _c550.00 |
||
| 035 | _aHN-101988 | ||
| 037 | _bDBAD | ||
| 082 | _a954.13 | ||
| 100 |
_aहरिशंकर _980378 |
||
| 245 |
_aकाशी के घाट , _cहरिशंकर. _bकलात्मक एवं सांस्कृतिक अध्ययन/ |
||
| 250 | _aद्वितीय | ||
| 260 |
_aवाराणसी _bविश्वविद्यालय प्रकाशन _c2024 |
||
| 270 |
_aविशालाक्षी भवन, चौक _bवाराणसी [उ. प्र., भारत ] _e221001 _k9198701115 _msales@vvpbooks.com _mvvpbooks@gmail.com _l0542 2413741 _l2413082 |
||
| 300 |
_axiii,272पृ. _c23से.मी (सजिल्द ) |
||
| 700 | _980360 | ||
| 942 |
_2ddc _cHN _h954.13 _mहरीश _eद्वितीय |
||
| 999 |
_c210852 _d210852 |
||